[Event "Wellington Open 2017"]
[Site "Wellington NZL"]
[Date "2017.04.16"]
[Round "5.10"]
[White "List, Robert"]
[Black "Zhang, Jasmine Haomo"]
[Result "0-1"]
[WhiteElo "1747"]
[BlackElo "2029"]

1. e4 c5 2. Bd3 Nc6 3. c3 g6 4. Bc2 Bg7 5. d3 e6 6. Be3 d6 7. Ne2 Nge7 8. O-O
O-O 9. Nd2 b6 10. f4 f5 11. Ng3 Kh8 12. Nf3 e5 13. Bb3 fxe4 14. Ng5 d5 15. dxe4
c4 16. exd5 Nxd5 17. Bxc4 Nxe3 18. Qxd8 Nxd8 0-1

[Event "Wellington Open 2017"]
[Site "Wellington NZL"]
[Date "2017.04.16"]
[Round "5.12"]
[White "Cooper, Nigel"]
[Black "Wight, Joshua"]
[Result "1-0"]
[WhiteElo "1821"]
[BlackElo "1629"]

1. d4 d5 2. Bf4 Nf6 3. e3 Bf5 4. Bd3 Bxd3 5. Qxd3 c6 6. Nf3 e6 7. Nbd2 Bd6 8.
Ne5 Nh5 9. Bg3 Nxg3 10. hxg3 h6 11. c3 Nd7 12. Nxd7 Qxd7 13. e4 O-O-O 14. O-O
g5 15. e5 Bc7 16. Nf3 Rdg8 17. g4 Bd8 18. b4 h5 19. gxh5 Rxh5 20. g4 Rh3 21.
Kg2 Rgh8 22. Rh1 Rxh1 23. Rxh1 Qe8 24. Qe3 Rxh1 25. Kxh1 Qg8 26. Kg2 Qg6 27. a4
f5 28. exf6 Qxf6 29. Ne5 a6 30. Qd3 Bc7 31. Qe3 Bxe5 32. Qxe5 Qxe5 33. dxe5 b6
34. f4 gxf4 35. Kf3 Kd7 36. Kxf4 Ke7 37. Kg5 Kf7 38. Kh6 Kg8 39. Kg6 c5 40. a5
bxa5 41. bxc5 Kf8 42. Kf6 Ke8 43. Kxe6 a4 44. g5 a3 45. g6 Kf8 46. c6 a2 47. c7
Kg7 48. c8=Q a1=Q 49. Kxd5 Kxg6 50. Qg4+ Kh7 51. Qf5+ Kg8 52. Qg6+ Kh8 53. c4
Qa5+ 54. c5 Qd2+ 55. Ke6 Qd8 56. Qf6+ Qxf6+ 57. Kxf6 a5 58. e6 a4 59. e7 a3 60.
e8=Q+ Kh7 61. Qg6+ Kh8 62. Qg7# 1-0

[Event "Wellington Open 2017"]
[Site "Wellington NZL"]
[Date "2017.04.16"]
[Round "5.13"]
[White "Heppenstall, Lara"]
[Black "Lyall, Simon"]
[Result "0-1"]
[WhiteElo "1506"]
[BlackElo "1819"]

1. d4 d5 2. c4 c6 3. Nc3 Nf6 4. Bg5 dxc4 5. Bxf6 exf6 6. e4 b5 7. a4 b4 8. Nb1
Ba6 9. Nf3 Qa5 10. Qc1 c3 11. bxc3 bxc3 12. Qc2 Bxf1 13. Kxf1 Bb4 14. Na3 O-O
15. g3 Nd7 16. Kg2 Rfe8 17. Rhc1 Re7 18. Ne1 Qg5 19. f4 Qg6 20. e5 fxe5 21.
Qxg6 hxg6 22. fxe5 c5 23. Nd3 Bxa3 24. Rxa3 cxd4 25. Re1 Rae8 26. Re4 Nxe5 27.
Nxe5 c2 28. Ra1 Rxe5 0-1

[Event "Wellington Open 2017"]
[Site "Wellington NZL"]
[Date "2017.04.16"]
[Round "5.14"]
[White "Del Favero, Marcus"]
[Black "Winter, Ryan"]
[Result "0-1"]
[WhiteElo "1410"]
[BlackElo "1715"]

1. d4 Nf6 2. c4 e6 3. Nf3 d5 4. e3 b6 5. Bd3 dxc4 6. Bxc4 Bb7 7. Nc3 c5 8. O-O
cxd4 9. Nxd4 Be7 10. b3 O-O 11. Bb2 Nbd7 12. Rc1 Ne5 13. Re1 Nxc4 14. bxc4 Rc8
15. Qb3 Nd7 16. Red1 a6 17. Rd2 Qc7 18. Rcd1 Rfd8 19. Qa4 Nc5 20. Qc2 Bf6 21.
Ba3 Re8 22. Rc1 Be7 23. Qd1 Ba8 24. Qg4 h5 25. Qxh5 Ne4 26. Nxe4 Bxa3 27. Re1
Bxe4 28. Rdd1 Bg6 29. Qe2 Qxc4 30. Qxc4 Rxc4 0-1

[Event "Wellington Open 2017"]
[Site "Wellington NZL"]
[Date "2017.04.16"]
[Round "5.16"]
[White "He, Caleb"]
[Black "He, Paul"]
[Result "1-0"]
[WhiteElo "1416"]
[BlackElo "1051"]

1. e4 c5 2. Nf3 a6 3. g3 g6 4. Bg2 Bg7 5. Nc3 Bxc3 6. bxc3 Nc6 7. d4 Qa5 8. Bd2
d6 9. O-O Nf6 10. Re1 Bg4 11. h3 Bxf3 12. Bxf3 O-O 13. a4 Rad8 14. Ra3 Qc7 15.
Be3 d5 16. exd5 Nxd5 17. Bxd5 Rxd5 18. Re2 Rfd8 19. Rd2 Qd7 20. c4 Rd6 21. d5
Nd4 22. Bxd4 cxd4 23. Rxd4 Qxh3 24. c5 R6d7 25. Rf3 Qh5 26. Rfd3 Qxd1+ 27. Rxd1
e6 28. c4 b5 29. cxb6 Rb7 30. dxe6 Rxd4 31. Rxd4 Rxb6 32. exf7+ Kxf7 33. f4 Rb4
34. a5 Ra4 35. Rd7+ Kg8 36. c5 Rxa5 37. c6 Ra1+ 38. Kf2 1-0

[Event "Wellington Open 2017"]
[Site "Wellington NZL"]
[Date "2017.04.16"]
[Round "5.18"]
[White "Burt, James"]
[Black "Stannard, Lars"]
[Result "1-0"]
[WhiteElo "1291"]
[BlackElo "1260"]

1. e4 e5 2. Nf3 d6 3. h3 Nc6 4. Bc4 b6 5. c3 h6 6. d4 Bb7 7. d5 Nce7 8. Qa4+ c6
9. dxc6 Bxc6 10. Qb3 Nf6 11. Bxf7+ Kd7 12. Qe6+ Kc7 13. Nxe5 dxe5 14. Qxe5+ Qd6
15. Qxd6+ Kxd6 16. Bf4+ Kd7 17. f3 g5 18. Bg3 Bg7 19. Na3 Rad8 20. O-O-O+ Kc8
21. Be6+ Nd7 22. Nc4 Kb7 23. Nd6+ Ka8 24. Nf7 Rhf8 25. Nxd8 Rxd8 26. Rd2 Ng6
27. Rhd1 Nge5 28. f4 gxf4 29. Bxf4 h5 30. Bxe5 Bh6 {Incorrect scoresheets,
white won} 1-0

[Event "Wellington Open 2017"]
[Site "Wellington NZL"]
[Date "2017.04.16"]
[Round "6.1"]
[White "Nyberg, Michael"]
[Black "Ker, Anthony F"]
[Result "0-1"]
[WhiteElo "2032"]
[BlackElo "2474"]

1. d4 Nf6 2. Nf3 e6 3. g3 b5 4. Bg2 Bb7 5. Bf4 c5 6. c3 Be7 7. O-O O-O 8. Re1
Qb6 9. Nbd2 Nc6 10. Nb3 d6 11. e4 cxd4 12. Nfxd4 Ne5 13. a4 a6 14. axb5 axb5
15. Rxa8 Rxa8 16. Be3 Nc4 17. Nf5 Nxe3 18. Nxe7+ Kf8 19. Rxe3 Kxe7 20. g4 h6
21. Nd4 Ra2 22. e5 Ne8 23. Qb1 Ra4 24. b4 Bxg2 25. Kxg2 dxe5 26. Rxe5 Nd6 27.
Qh7 Qb7+ 28. Kg3 Kf6 29. Re3 Qd5 30. Qd3 Ra1 31. Nf3 Qxd3 32. Rxd3 Ne4+ 33. Kg2
Ra2 34. Nd4 Rxf2+ 35. Kg1 Rf4 36. h3 Nxc3 37. Kg2 Nd5 38. Nxb5 Rxg4+ 39. Kf3
Rf4+ 40. Kg3 Rxb4 41. Nd6 g5 42. Rf3+ Rf4 43. Ra3 Ne7 44. Ne8+ Kg6 45. Nd6 Nf5+
46. Nxf5 Kxf5 47. Re3 e5 48. Ra3 h5 49. Ra7 f6 50. Ra5 Rd4 0-1

[Event "Wellington Open 2017"]
[Site "Wellington NZL"]
[Date "2017.04.16"]
[Round "6.2"]
[White "Quere, Alexandre"]
[Black "Croad, Nicholas"]
[Result "1-0"]
[WhiteElo "2022"]
[BlackElo "2375"]

1. e4 c5 2. Nf3 d6 3. Bb5+ Nd7 4. c3 Nf6 5. Qe2 a6 6. Ba4 e6 7. O-O Be7 8. Bc2
O-O 9. a4 b6 10. d4 Bb7 11. Ng5 h6 12. Nh3 cxd4 13. cxd4 e5 14. Na3 b5 15. d5
bxa4 16. f3 Nc5 17. Be3 Nfd7 18. g4 a5 19. Qd1 Ba6 20. Rf2 Rb8 21. Ra2 Nb3 22.
Nb1 Ndc5 23. Bxc5 Nxc5 24. Bxa4 Qb6 25. Ra3 Bh4 26. Bc2 Rfc8 27. Rg2 Nd3+ 28.
Kh1 Nxb2 29. Qc1 Qb4 30. Qg1 Qe1 31. Qxe1 Bxe1 32. Bb3 Nd3 33. Ba2 Bb4 1-0

[Event "Wellington Open 2017"]
[Site "Wellington NZL"]
[Date "2017.04.16"]
[Round "6.3"]
[White "Dive, Russell J"]
[Black "James, Jack"]
[Result "1/2-1/2"]
[WhiteElo "2426"]
[BlackElo "2145"]

1. Nf3 d5 2. c4 c6 3. b3 e6 4. Bb2 Nf6 5. g3 Nbd7 6. Bg2 Bd6 7. d4 Qe7 8. O-O
O-O 9. Nc3 b6 10. Re1 Bb7 11. e4 Nxe4 12. Nxe4 dxe4 13. Rxe4 Ba3 14. Bc3 Bb4
15. Qc2 Bxc3 16. Qxc3 c5 17. Rh4 cxd4 18. Rxd4 Rfd8 19. Rad1 Nf8 20. Ne5 Bxg2
21. Kxg2 Qc7 22. Qd3 Rxd4 23. Qxd4 Rc8 24. Qd6 Qc5 25. Qxc5 Rxc5 26. f4 f6 27.
Nd7 Rc7 28. Nxf8 Kxf8 29. Rd8+ Ke7 30. Rh8 h6 31. Kf3 Rd7 32. Ra8 Kf7 33. Rc8
Kg6 34. c5 bxc5 35. Rxc5 Kf7 36. Ra5 g5 37. Ra6 f5 38. h4 g4+ 39. Ke3 h5 40. b4
Ke7 41. b5 Rc7 42. Kd4 Rd7+ 43. Kc4 Rc7+ 44. Kb4 Kd7 45. Ra3 e5 46. fxe5 Ke6
47. Re3 Rc2 48. a4 Rb2+ 49. Ka5 Ra2 50. Rc3 Kxe5 51. Rc7 Ra3 52. Rxa7 Rxg3 53.
b6 Rb3 54. Rg7 f4 55. Rg5+ Ke4 56. Rb5 Rxb5+ 57. axb5 g3 58. b7 g2 59. b8=Q
g1=Q 60. Qe8+ Kd3 61. Qd7+ Qd4 62. Qxd4+ Kxd4 63. b6 f3 64. b7 f2 65. b8=Q f1=Q
66. Qd6+ Ke4 67. Qe6+ Kd4 68. Qd7+ Kc5 69. Qe7+ Kd4 70. Qd8+ Ke5 71. Qe8+ Kd6
72. Qxh5 Qe1+ 73. Ka4 Qe4+ 74. Ka3 Qa8+ 75. Kb2 Qb7+ 76. Kc3 Qg7+ 77. Kd3 Qg3+
78. Ke4 Qe1+ 79. Kf4 Qd2+ 80. Kg3 Qe3+ 81. Kg4 Qe2+ 82. Kg5 Qxh5+ 83. Kxh5 Ke7
84. Kg6 Kf8 1/2-1/2

[Event "Wellington Open 2017"]
[Site "Wellington NZL"]
[Date "2017.04.16"]
[Round "6.4"]
[White "Chen, Wei Kai"]
[Black "Polishchuk, Kirill"]
[Result "0-1"]
[WhiteElo "1732"]
[BlackElo "2225"]

1. e4 c5 2. Nc3 Nc6 3. f4 e6 4. Nf3 d5 5. Bb5 a6 6. Bxc6+ bxc6 7. O-O d4 8. Ne2
Nf6 9. Ng3 Qc7 10. d3 Be7 11. Ne5 Nd7 12. Nc4 Nb6 13. Qg4 g6 14. Nxb6 Qxb6 15.
f5 e5 16. Rb1 Bd7 17. Bd2 f6 18. b3 O-O-O 19. Qe2 Rdg8 20. a3 h5 21. b4 h4 22.
bxc5 Qa7 23. Nh1 gxf5 24. exf5 Bxc5 25. Qe4 Be8 26. Nf2 Qd7 27. Bb4 Bf7 28. Qf3
Bh5 29. Qe4 Bf7 30. Qf3 Bh5 31. Qe4 Bxb4 32. Rxb4 Qd5 33. Rfb1 Bf3 34. c4 Bxe4
35. Nxe4 Qxe4 36. dxe4 Kc7 37. Kf2 Rb8 38. Kf3 Rxb4 39. Rxb4 Kd6 40. g3 hxg3
41. hxg3 Kc5 42. Ra4 a5 43. Rxa5+ Kxc4 44. Ra6 Rc8 45. Ke2 Kc3 46. g4 d3+ 47.
Kd1 c5 0-1

[Event "Wellington Open 2017"]
[Site "Wellington NZL"]
[Date "2017.04.16"]
[Round "6.5"]
[White "Rossiter, Philip E"]
[Black "Steadman, Michael V R"]
[Result "0-1"]
[WhiteElo "1945"]
[BlackElo "2309"]

1. c4 Nf6 2. Nc3 e6 3. Nf3 d5 4. d4 c6 5. Bg5 Nbd7 6. e3 Qa5 7. Bxf6 Nxf6 8.
Bd3 Ne4 9. Qc2 f5 10. O-O Bd6 11. Rac1 O-O 12. c5 Bb8 13. Rb1 Qd8 14. Ne5 Bxe5
15. dxe5 Nxc5 16. Ne2 Qe7 17. b4 Nxd3 18. Qxd3 a5 19. a3 axb4 20. axb4 b6 21.
Nd4 c5 22. Nc2 f4 23. exf4 Rxf4 24. b5 Bb7 25. Ra1 Rfa4 26. f4 Qh4 27. Rxa4
Rxa4 28. f5 Qe4 29. Qxe4 Rxe4 30. fxe6 Rxe5 31. Rf7 Bc8 32. Rc7 Bxe6 33. Rc6 d4
34. Kf2 Bf5 0-1

[Event "Wellington Open 2017"]
[Site "Wellington NZL"]
[Date "2017.04.16"]
[Round "6.6"]
[White "Goodhue, Nathan"]
[Black "Cooper, Nigel"]
[Result "1-0"]
[WhiteElo "2093"]
[BlackElo "1821"]

1. b3 Nf6 2. Bb2 g6 3. c4 Bg7 4. g3 O-O 5. Bg2 c6 6. d4 d5 7. Nd2 Bf5 8. Ngf3
Qc8 9. h3 Ne4 10. g4 Nxd2 11. Nxd2 Be6 12. Rc1 dxc4 13. Nxc4 Rd8 14. e3 Bd5 15.
Bxd5 Rxd5 16. Qf3 Qe6 17. O-O Na6 18. Bc3 Rad8 19. Nb2 Qf6 20. Qxf6 Bxf6 21.
Nd3 b6 22. Rc2 c5 23. Nf4 R5d7 24. dxc5 Bxc3 25. c6 Rc7 26. Rxc3 Nb4 27. Rc4
Nxa2 28. Ra1 Rd2 29. Rxa2 1-0

[Event "Wellington Open 2017"]
[Site "Wellington NZL"]
[Date "2017.04.16"]
[Round "6.7"]
[White "Masters, Andrew"]
[Black "Nicholls, Leighton"]
[Result "1-0"]
[WhiteElo "1911"]
[BlackElo "2057"]

1. d4 Nf6 2. Bg5 Ne4 3. Bc1 c5 4. f3 Nf6 5. d5 e6 6. c4 b5 7. e4 bxc4 8. Bxc4
Bb7 9. Nc3 exd5 10. exd5 d6 11. Nge2 Nbd7 12. O-O Be7 13. Re1 O-O 14. Nf4 Nb6
15. Bb5 a6 16. Bd3 Nfd7 17. Qc2 g6 18. Bxg6 fxg6 19. Ne6 Qe8 20. Bh6 Rf5 21.
Ng7 Qf7 22. Nxf5 gxf5 23. Rad1 Re8 24. Re6 Nxd5 25. Rde1 Ne5 26. R6xe5 dxe5 27.
Rxe5 Bd6 $2 (27... Qf6) 28. Rxf5 Re1+ 29. Kf2 Qe6 30. Rg5+ Kh8 31. Nxd5 Bxd5
32. Qc3+ Be5 33. Bg7+ 1-0

[Event "Wellington Open 2017"]
[Site "Wellington NZL"]
[Date "2017.04.16"]
[Round "6.9"]
[White "Zhang, Jasmine Haomo"]
[Black "Wells, Clinton A"]
[Result "0-1"]
[WhiteElo "2029"]
[BlackElo "1934"]

1. d4 Nf6 2. Nf3 d6 3. Bf4 c5 4. e3 cxd4 5. exd4 Bg4 6. Nbd2 g6 7. Be2 Bg7 8.
c3 Nc6 9. h3 Bd7 10. O-O a6 11. Re1 O-O 12. Nc4 Nd5 13. Bh2 b5 14. Ne3 Nxe3 15.
fxe3 Qb6 16. Nd2 Rfc8 17. Bf3 Ra7 18. Kh1 Na5 19. Qe2 Nc4 20. b3 Nxd2 21. Qxd2
Bc6 22. Bxc6 Qxc6 23. Rac1 Qe4 24. c4 bxc4 25. bxc4 Rb7 26. Qa5 Rb2 27. Rg1 Bh6
28. Rce1 Rxc4 29. Bf4 Kg7 30. Qd8 g5 31. Bxd6 exd6 32. Qxd6 Rcc2 33. Ref1 Qe6
34. Qg3 Rb5 35. Rf3 Rf5 36. Rgf1 Rxf3 37. Rxf3 Rxa2 38. h4 Ra1+ 39. Kh2 Ra5 40.
Rf4 Rf5 41. Rg4 Qg6 42. e4 Rf4 43. hxg5 Qh5+ 44. Qh3 Qxg4 45. Qxh6+ Kg8 46.
Qxa6 Qh4+ 47. Kg1 Qe1+ 0-1

[Event "Wellington Open 2017"]
[Site "Wellington NZL"]
[Date "2017.04.16"]
[Round "6.11"]
[White "Lyall, Simon"]
[Black "List, Robert"]
[Result "1/2-1/2"]
[WhiteElo "1819"]
[BlackElo "1747"]

1. e4 d6 2. d4 c6 3. Nf3 Bg4 4. Be2 Qc7 5. Ng5 Bxe2 6. Qxe2 e5 7. c3 Nd7 8. O-O
Ngf6 9. f4 h5 10. fxe5 dxe5 11. Qc4 Nb6 12. Qb3 Bd6 13. g3 O-O 14. Qd1 h4 15.
dxe5 Bxe5 16. Bf4 hxg3 17. hxg3 Bxf4 18. gxf4 Qd7 19. Qxd7 1/2-1/2

[Event "Wellington Open 2017"]
[Site "Wellington NZL"]
[Date "2017.04.16"]
[Round "6.12"]
[White "Day, Fabian"]
[Black "Heppenstall, Lara"]
[Result "0-1"]
[WhiteElo "1726"]
[BlackElo "1506"]

1. e4 g6 2. d4 Bg7 3. Be3 d6 4. Nc3 Nf6 5. Qd2 Ng4 6. Bg5 h5 7. h3 Nf6 8. O-O-O
Nfd7 9. e5 Nc6 10. Nf3 dxe5 11. dxe5 Ncxe5 12. Nxe5 Bxe5 13. f4 Bd6 14. Bc4 Nc5
15. Rhe1 Ne6 16. Qe3 Nxg5 17. fxg5 e6 18. Ne4 Qe7 19. Bb5+ Kf8 20. Nf6 c6 21.
Bc4 b5 22. Bb3 a5 23. a4 Kg7 24. Qd4 Bc5 25. Nd5+ $4 (25. Nxh5+ Kg8 26. Qg7#) 
25... Bxd4 26. Nxe7 Bc5 27. Nxc6 Bb7 28. axb5 a4 29. Ba2 a3 30. b4 Bxc6 31.
bxc6 Bxb4 32. Re4 Bc3 33. Rd7 Rhd8 34. Rc4 Bb2+ 35. Kd1 Rdc8 36. c7 Ra7 37. c3
e5 38. Kd2 e4 0-1

[Event "Wellington Open 2017"]
[Site "Wellington NZL"]
[Date "2017.04.16"]
[Round "6.13"]
[White "Wight, Joshua"]
[Black "He, Caleb"]
[Result "1/2-1/2"]
[WhiteElo "1629"]
[BlackElo "1416"]

1. e4 c5 2. Nc3 g6 3. f4 d6 4. Nf3 Bg7 5. Bb5+ Nc6 6. O-O a6 7. Bxc6+ bxc6 8.
d3 Rb8 9. e5 dxe5 10. fxe5 f6 11. exf6 exf6 12. b3 Ne7 13. Bb2 f5 14. Qc1 O-O
15. Na4 Bd4+ 16. Nxd4 cxd4 17. Qf4 Rb4 18. a3 Rb5 19. Qxd4 Qxd4+ 20. Bxd4 Rd5
21. Bc5 Re8 22. Rfe1 Kf7 23. Re2 Be6 24. Rae1 Nc8 25. Bf2 Bd7 26. Nc5 Rxe2 27.
Rxe2 Kf6 28. a4 a5 29. d4 h6 30. c4 Rd6 31. Nb7 Re6 32. Rxe6+ Kxe6 33. Nxa5 Nd6
34. c5 Nc8 35. Nc4 Na7 36. Kf1 Bc8 37. Ke2 Ba6 38. Kd3 Kd5 39. Kc3 Nc8 40. Ne5
Ne7 41. b4 h5 42. Nxc6 Kxc6 43. b5+ Bxb5 44. axb5+ Kxb5 45. Kd3 Nd5 46. h3 g5
47. g3 g4 48. hxg4 hxg4 49. Be3 Nb4+ 50. Kd2 Nd5 51. Ke2 Nc3+ 52. Kf2 Nd5 53.
Bf4 Kc6 54. Ke2 Nc3+ 55. Kd3 Nd5 56. Ke2 Nc3+ 57. Kd3 Nd5 58. Bd6 Nb4+ 1/2-1/2

[Event "Wellington Open 2017"]
[Site "Wellington NZL"]
[Date "2017.04.16"]
[Round "6.14"]
[White "Sinclair, Zephan"]
[Black "Murdoch, Stephen"]
[Result "1-0"]
[WhiteElo "1313"]
[BlackElo "1608"]

1. e4 e6 2. d4 d5 3. exd5 exd5 4. Bd3 Nc6 5. c3 Bd6 6. h3 Be6 7. Nf3 h6 8. O-O
Nge7 9. Re1 Qd7 10. Nbd2 O-O-O 11. b4 Ng6 12. Nb3 Bxh3 13. b5 Qg4 14. Bf1 Nce7
15. a4 Nf5 16. Ne5 Bxe5 17. dxe5 h5 18. Qxg4 hxg4 19. Nd4 Nxd4 20. cxd4 Nh4 21.
Ra3 Bxg2 22. Bxg2 Nxg2 23. Kxg2 Rh7 24. Rh1 Rdh8 25. Rxh7 Rxh7 26. Rg3 f5 27.
exf6 gxf6 28. Rxg4 c6 29. bxc6 bxc6 30. Rg6 c5 31. dxc5 Rh4 32. f4 f5 33. Rd6
1-0

[Event "Wellington Open 2017"]
[Site "Wellington NZL"]
[Date "2017.04.16"]
[Round "6.16"]
[White "Stannard, Bobby"]
[Black "Burt, James"]
[Result "1/2-1/2"]
[WhiteElo "1481"]
[BlackElo "1291"]

1. e4 d5 2. e5 Nc6 3. d4 a6 4. Nf3 Bf5 5. Bd3 Qd7 6. Nc3 g6 7. Be3 Bh6 8. Bxh6
Nxh6 9. Qd2 Ng8 10. Bxf5 Qxf5 11. Nxd5 O-O-O 12. c4 f6 13. Qe3 e6 14. Nc3 Nb4
15. Nh4 Nc2+ 16. Ke2 Nxe3 17. Nxf5 Nxg2 18. Rhg1 Nf4+ 19. Kf3 g5 20. Ng7 Rxd4
21. exf6 Rd3+ 22. Ke4 Nxf6+ 23. Ke5 Nd7+ 24. Ke4 Nc5+ 25. Ke5 h6 26. Ne4 Ng6+
27. Kf6 Nxe4+ 28. Kxg6 Rf3 29. Rae1 Rf6+ 30. Kh5 Rf4 31. Nxe6 Rh4+ 32. Kg6 Rg8+
33. Kf7 Rh8 34. f4 Nd6+ 35. Kg7 Re8 36. fxg5 Re7+ 37. Kg6 hxg5 38. Kf6 Reh7 39.
Nxg5 R7h6+ 40. Ke7 Nf5+ 41. Kf7 Nd6+ 42. Ke7 Rh8 43. Nf7 Re8+ 44. Kf6 Rf4+ 45.
Kg5 1/2-1/2

[Event "Wellington Open 2017"]
[Site "Wellington NZL"]
[Date "2017.04.16"]
[Round "6.17"]
[White "He, Paul"]
[Black "Del Favero, Marcus"]
[Result "1/2-1/2"]
[WhiteElo "1051"]
[BlackElo "1410"]

1. e4 c6 2. d4 d5 3. e5 Bf5 4. Nf3 e6 5. g3 Nd7 6. Bf4 c5 7. c3 cxd4 8. cxd4
Bb4+ 9. Nbd2 Ne7 10. Bg2 Rc8 11. O-O O-O 12. Qa4 Bxd2 13. Nxd2 Qb6 14. Qxd7 Nc6
15. Qd6 Qxd4 16. Qa3 Nxe5 17. Qe3 Qxe3 18. Bxe3 b6 19. Rfc1 Rxc1+ 20. Rxc1 Nd3
21. Rc7 Rd8 22. Nf3 Nxb2 23. Rxa7 Nc4 24. Rb7 Bb1 25. Bxb6 Nxb6 26. Rxb6 Bxa2
27. Rb2 Bc4 28. Ne5 f6 29. Nxc4 dxc4 30. Rc2 Rc8 31. Bf1 c3 32. Kg2 e5 33. Kf3
Rc5 34. Ke3 Kf7 35. Kd3 Rd5+ 36. Kxc3 Rd1 37. Be2 Rh1 38. f3 Ke7 39. Bd3 h6 40.
f4 exf4 41. gxf4 Rg1 42. Kd4 Rg4 43. Rf2 g5 44. h3 Rxf4+ 45. Rxf4 gxf4 46. Ke4
Kf7 47. Kxf4 h5 48. Kg3 Kg7 49. Kh4 Kh6 50. Be2 f5 51. Bxh5 f4 52. Bf3 Kg6 53.
Kg4 Kh6 54. Kxf4 Kh7 55. Kg5 Kg7 56. h4 Kh7 57. Be4+ Kg7 58. h5 Kg8 59. h6 Kh8
60. h7 Kg7 61. Kh5 Kh8 62. Bg6 Kg7 63. Kg5 Kh8 1/2-1/2